00864cam a2200241 a 450000100100000000500170001000800410002702000150006804000200008308200240010310000470012724500930017425000110026726000330027830000210031149000260033265000280035865000310038683000350041791000280045295201270048099900150060700000910120200929161503.0860605s1994 sp a b 001 0 spa  a843200751X aDO-SdBNPdBNPHU a863.64bS211g, 19941 aSánchez Dragó, Fernando,d1936-92241010aGárgoris y Habidis :buna historia mágica de España /cFernando Sánchez Dragó. a3a ed. aBarcelona :bPlaneta,c1994. a949 p. ;c19 cm.1 aPlaneta Bolsillov391 4aNovela española91123 4aLiteratura española9632 0aPlaneta Bolsillo ;v391921968 aCatalogación derivada 001052708MOaGRbGRcCTd2009-09-26iLF1l0o863.64 S211g, 1994p9101-10r2020-06-25w2020-06-25y2ZPréstamo interno c8865d8865